000 00453nam a2200181Ia 4500
999 _c33069
_d33069
003 OSt
005 20260423124329.0
008 210215s9999 xx 000 0 und d
020 _a9789387593206
040 _cMUIT
082 _a615.321
_bDEO-P
_22
100 _aDEORE, SHARDA L
245 0 _aPHARMACOGNOCY AND PHYTOCHEMISTRY A COMPANION HANDBOOK
250 _a2
260 _aHYDERABAD
_bPHARMA MED PRESS
_c2018
300 _a360
942 _cBK
_2ddc